Online
Catalog

En el traspatio del cielo / (Record no. 6117)

MARC details
000 -CABECERA
campo de control de longitud fija 00776cam a2200241 a 4500
001 - NÚMERO DE CONTROL
campo de control 000006322
005 - FECHA Y HORA DE LA ÚLTIMA TRANSACCIÓN
campo de control 20200929153921.0
008 - DATOS DE LONGITUD FIJA--INFORMACIÓN GENERAL
campo de control de longitud fija 940802s1993 ck 001 0 spa
020 ## - NÚMERO INTERNACIONAL ESTÁNDAR DEL LIBRO
Número Internacional Estándar del Libro 958612147X
040 ## - FUENTE DE LA CATALOGACIÓN
Centro catalogador/agencia de origen DO-SdBNP
Centro/agencia transcriptor DLC
082 ## - NÚMERO DE LA CLASIFICACIÓN DECIMAL DEWEY
Número de clasificación C861.44
Número de documento/Ítem B982t
100 1# - ENTRADA PRINCIPAL--NOMBRE DE PERSONA
Nombre de persona Bustos Aguirre, Rómulo
Fechas asociadas al nombre 1954-
9 (RLIN) 17633
245 10 - MENCIÓN DE TÍTULO
Título En el traspatio del cielo /
Mención de responsabilidad, etc. Rómulo Bustos Aguirre.
260 ## - PUBLICACIÓN, DISTRIBUCIÓN, ETC.
Lugar de publicación, distribución, etc. Santafé, Bogotá :
Nombre del editor, distribuidor, etc. Colcultura,
Fecha de publicación, distribución, etc. 1993.
300 ## - DESCRIPCIÓN FÍSICA
Extensión 52 p. ;
Dimensiones 21 cm.
490 1# - MENCIÓN DE SERIE
Mención de serie Premios nacionales '93
490 1# - MENCIÓN DE SERIE
Mención de serie Poesía Tri-Aequo
586 ## - NOTA DE PREMIOS
Nota de premios Premio nacional de poesía, 1993.
650 #4 - PUNTO DE ACCESO ADICIONAL DE MATERIA--TÉRMINO DE MATERIA
Término de materia o nombre geográfico como elemento de entrada Poesìa colombiana
9 (RLIN) 3742
650 #4 - PUNTO DE ACCESO ADICIONAL DE MATERIA--TÉRMINO DE MATERIA
Término de materia o nombre geográfico como elemento de entrada Literatura colombiana
9 (RLIN) 1244
830 #0 - PUNTO DE ACCESO ADICIONAL DE SERIE-TÍTULO UNIFORME
Título uniforme Premios nacionales '93.
Nombre de parte o sección de la obra Poesía Tri-Aequo.
9 (RLIN) 17634
910 ## - DATOS DE OPCIÓN DEL USUARIO (OCLC)
Datos de opción del usuario Catalogación por copia / LC
Holdings
Estado de retiro Estado de pérdida Restricciones de uso No para préstamo Código de colección Localización permanente Ubicación/localización actual Ubicación en estantería Fecha de adquisición Número de inventario Total de préstamos Signatura topográfica completa Código de barras Fecha visto por última vez Precio válido a partir de Tipo de ítem Koha
    Préstamo interno   Monografías: Libros y Folletos General General En catalogación 27.08.2009 LF1   C861.44 B982t 6322-10 25.06.2020 25.06.2020 Préstamo interno

Powered by Koha